[Event "Sharjah Masters 7th"]
[Site "Sharjah"]
[Date "2024.05.22"]
[Round "9"]
[White "Sivuk, Vitaly"]
[Black "Radjabov, Teimour"]
[Result "1/2-1/2"]
[WhiteElo "2544"]
[BlackElo "2723"]
[PlyCount "40"]
[EventDate "2024.05.14"]
[EventType "swiss"]
[EventRounds "9"]
[EventCountry "UAE"]
[SourceTitle "CB21_2024"]
[SourceDate "2024.05.22"]
[SourceVersion "1"]
[SourceVersionDate "2024.05.22"]
[SourceQuality "1"]

1. e4 c5 2. Nf3 Nc6 3. Bb5 g6 4. 0-0 Bg7 5. Re1 Nf6 6. c3 0-0 7. d4 cxd4 8. cxd4 d5 9. e5 Ne4 10. Bxc6 bxc6 11. Be3 Qb6 12. Qc1 a5 13. Nc3 Nxc3 14. Qxc3 a4 15. Nd2 Bf5 16. b4 a3 17. Nb3 Qb5 18. Rac1 Bd3 19. Na5 Rfc8 20. Qxa3 Bc4 1/2-1/2

[Event "Sharjah Masters 7th"]
[Site "Sharjah"]
[Date "2024.05.16"]
[Round "3"]
[White "Safarli, Eltaj"]
[Black "Radjabov, Teimour"]
[Result "1/2-1/2"]
[WhiteElo "2597"]
[BlackElo "2723"]
[PlyCount "54"]
[EventDate "2024.05.14"]
[EventType "swiss"]
[EventRounds "9"]
[EventCountry "UAE"]
[SourceTitle "CB21_2024"]
[SourceDate "2024.05.22"]
[SourceVersion "1"]
[SourceVersionDate "2024.05.22"]
[SourceQuality "1"]

1. e4 e5 2. Nf3 Nf6 3. Nxe5 d6 4. Nf3 Nxe4 5. d4 d5 6. Bd3 Bd6 7. 0-0 0-0 8. c4 c6 9. Nc3 Nxc3 10. bxc3 dxc4 11. Bxc4 Bf5 12. Bg5 Qa5 13. Nh4 Be6 14. Bxe6 Qxg5 15. Nf3 Qa5 16. Bh3 Qxc3 17. Rb1 b6 18. Rb3 Qa5 19. d5 cxd5 20. Ng5 g6 21. Rd3 Nc6 22. Bd7 Ne7 23. Qa1 d4 24. Nxh7 Kxh7 25. Qxd4 Be5 26. Qh4+ Kg7 27. Qxe7 Qc5 1/2-1/2

[Event "Sharjah Masters 7th"]
[Site "Sharjah"]
[Date "2024.05.15"]
[Round "2"]
[White "Radjabov, Teimour"]
[Black "Vokhidov, Shamsiddin"]
[Result "1/2-1/2"]
[WhiteElo "2723"]
[BlackElo "2592"]
[PlyCount "49"]
[EventDate "2024.05.14"]
[EventType "swiss"]
[EventRounds "9"]
[EventCountry "UAE"]
[SourceTitle "CB21_2024"]
[SourceDate "2024.05.22"]
[SourceVersion "1"]
[SourceVersionDate "2024.05.22"]
[SourceQuality "1"]

1. e4 c5 2. Nf3 e6 3. d4 cxd4 4. Nxd4 Nc6 5. Nc3 Qc7 6. Be2 Nf6 7. Ndb5 Qb8 8. f4 d6 9. g4 a6 10. Nd4 d5 11. exd5 exd5 12. g5 Ne4 13. Nxe4 dxe4 14. Be3 Bd7 15. Qd2 Qc7 16. Nxc6 Qxc6 17. 0-0-0 Be6 18. Qa5 Rc8 19. Rd2 Be7 20. f5 Bc4 21. Qe5 f6 22. gxf6 gxf6 23. Qf4 Bxa2 24. Bh5+ Bf7 25. Qg4 1/2-1/2

[Event "Sharjah Masters 7th"]
[Site "Sharjah"]
[Date "2024.05.14"]
[Round "1"]
[White "Sethuraman, SP."]
[Black "Radjabov, Teimour"]
[Result "1/2-1/2"]
[WhiteElo "2593"]
[BlackElo "2723"]
[PlyCount "62"]
[EventDate "2024.05.14"]
[EventType "swiss"]
[EventRounds "9"]
[EventCountry "UAE"]
[SourceTitle "CB21_2024"]
[SourceDate "2024.05.22"]
[SourceVersion "1"]
[SourceVersionDate "2024.05.22"]
[SourceQuality "1"]

1. e4 e5 2. Nf3 Nc6 3. Nc3 Nf6 4. Bb5 Bb4 5. 0-0 0-0 6. d3 Bxc3 7. bxc3 d6 8. Bg5 Qe7 9. Re1 a6 10. Bxc6 bxc6 11. Nd2 h6 12. Bh4 g5 13. Bg3 Bg4 14. f3 Be6 15. d4 Nh5 16. Bf2 Nf4 17. Nb3 f6 18. Na5 Qd7 19. Be3 c5 20. a4 cxd4 21. cxd4 Ng6 22. c3 f5 23. dxe5 f4 24. Bd4 dxe5 25. Bc5 Rf7 26. Qxd7 Rxd7 27. Nc6 Rd2 28. Red1 Rc2 29. Rdc1 Rxc1+ 30. Rxc1 Bd7 31. Nb4 Bxa4 1/2-1/2

[Event "Chess.com Classic Div 3 W"]
[Site "Chess.com INT"]
[Date "2024.05.10"]
[Round "2.3"]
[White "Andreikin, Dmitry"]
[Black "Radjabov, Teimour"]
[Result "1-0"]
[WhiteElo "2729"]
[BlackElo "2723"]
[PlyCount "61"]
[EventDate "2024.05.10"]
[EventType "k.o. (rapid)"]
[EventRounds "6"]
[EventCountry "USA"]
[SourceTitle "CB21_2024"]
[SourceDate "2024.05.22"]
[SourceVersion "1"]
[SourceVersionDate "2024.05.22"]
[SourceQuality "1"]

1. d4 d6 2. e4 Nf6 3. Nc3 e5 4. Nf3 Nbd7 5. Bc4 Be7 6. 0-0 0-0 7. Re1 c6 8. a4 Qc7 9. h3 b6 10. Bg5 Bb7 11. Ba2 a6 12. Ne2 h6 13. Bh4 Rfe8 14. Ng3 Bf8 15. Qd2 c5 16. dxe5 dxe5 17. Qe2 b5 18. axb5 axb5 19. c4 b4 20. Bxf6 Nxf6 21. Bb3 g6 22. Nd2 h5 23. Ngf1 Bh6 24. Bc2 Qd6 25. Nb3 Qb6 26. Qf3 Nh7 27. Ne3 Ng5 28. Qd1 Rxa1 29. Qxa1 Nxe4 30. Qa4 Bxe3 31. Qxe8+ 1-0

[Event "Chess.com Classic Div 3 W"]
[Site "Chess.com INT"]
[Date "2024.05.10"]
[Round "1.3"]
[White "Vokhidov, Shamsiddin"]
[Black "Radjabov, Teimour"]
[Result "0-1"]
[WhiteElo "2592"]
[BlackElo "2723"]
[PlyCount "76"]
[EventDate "2024.05.10"]
[EventType "k.o. (rapid)"]
[EventRounds "6"]
[EventCountry "USA"]
[SourceTitle "CB21_2024"]
[SourceDate "2024.05.22"]
[SourceVersion "1"]
[SourceVersionDate "2024.05.22"]
[SourceQuality "1"]

1. e4 e5 2. Nf3 Nc6 3. Bb5 Nf6 4. d3 d6 5. 0-0 Bd7 6. Re1 Be7 7. c3 0-0 8. Nbd2 Re8 9. Nf1 h6 10. Ng3 a6 11. Ba4 Bf8 12. h3 g6 13. d4 Bg7 14. Bc2 Na5 15. b3 c5 16. Be3 Qc7 17. Qd2 Kh7 18. d5 b5 19. Nh2 c4 20. b4 Nb7 21. a4 a5 22. axb5 Bxb5 23. Ne2 Reb8 24. Nf3 Nh5 25. Reb1 Bd7 26. Ra3 axb4 27. Rxa8 Rxa8 28. cxb4 Ra2 29. Nc3 Ra3 30. Ne2 Ra2 31. Qc1 c3 32. Rb3 Nf4 33. Nxc3 Ba4 34. Bxf4 Rxc2 35. Qxc2 exf4 36. e5 dxe5 37. Nd2 e4 38. Ndxe4 Qc4 0-1

[Event "Chess.com Classic Play In"]
[Site "Chess.com INT"]
[Date "2024.05.08"]
[Round "5"]
[White "Dominguez Perez, Leinier"]
[Black "Radjabov, Teimour"]
[Result "1/2-1/2"]
[WhiteElo "2748"]
[BlackElo "2723"]
[PlyCount "69"]
[EventDate "2024.05.08"]
[EventType "swiss (rapid)"]
[EventRounds "9"]
[EventCountry "USA"]
[SourceTitle "CB20_2024"]
[SourceDate "2024.05.16"]
[SourceVersion "1"]
[SourceVersionDate "2024.05.16"]
[SourceQuality "1"]

1. e4 d5 2. exd5 Qxd5 3. Nc3 Qa5 4. d4 Nf6 5. Nf3 c6 6. Bc4 Bf5 7. Bd2 e6 8. Nd5 Qd8 9. Nxf6+ Qxf6 10. Qe2 Nd7 11. 0-0-0 Be7 12. Bg5 Qg6 13. Bxe7 Kxe7 14. h3 Rhd8 15. Kb1 Kf8 16. Bd3 Bxd3 17. Rxd3 a5 18. Rhd1 a4 19. a3 Kg8 20. g3 Qf5 21. h4 h6 22. Ne5 Nxe5 23. dxe5 Rd5 24. Rxd5 exd5 25. h5 Re8 26. f4 f6 27. Re1 fxe5 28. fxe5 Re6 29. Ka2 b5 30. Kb1 Qg5 31. g4 Qf4 32. Ka1 Qg5 33. Kb1 Qf4 34. Ka1 Qg5 35. Kb1 1/2-1/2

[Event "Chess.com Classic Play In"]
[Site "Chess.com INT"]
[Date "2024.05.08"]
[Round "6"]
[White "Radjabov, Teimour"]
[Black "Daneshvar, Bardiya"]
[Result "1/2-1/2"]
[WhiteElo "2723"]
[BlackElo "2582"]
[PlyCount "79"]
[EventDate "2024.05.08"]
[EventType "swiss (rapid)"]
[EventRounds "9"]
[EventCountry "USA"]
[SourceTitle "CB20_2024"]
[SourceDate "2024.05.16"]
[SourceVersion "1"]
[SourceVersionDate "2024.05.16"]
[SourceQuality "1"]

1. d4 Nf6 2. Nf3 b6 3. c4 Bb7 4. Nc3 e6 5. Bg5 Bb4 6. Nd2 h6 7. Bh4 g5 8. Bg3 Bxc3 9. bxc3 d6 10. f3 Nbd7 11. e4 e5 12. a4 a5 13. c5 dxc5 14. Nc4 Qe7 15. dxe5 Nh5 16. e6 Ndf6 17. exf7+ Kxf7 18. Qb3 Nxg3 19. hxg3 Kg7 20. 0-0-0 Rad8 21. Be2 Bc8 22. g4 Be6 23. Qc2 Bxc4 24. Bxc4 Nd7 25. Be2 c6 26. g3 Qe5 27. Rhg1 Nf6 28. Qb3 Rb8 29. c4 Rhd8 30. Rxd8 Rxd8 31. Rd1 Rxd1+ 32. Bxd1 Qxg3 33. Qxb6 Qe5 34. Qxa5 Qa1+ 35. Kc2 Qa2+ 36. Kd3 Qb1+ 37. Ke2 Qa2+ 38. Kd3 Qb1+ 39. Ke2 Qa2+ 40. Kd3 1/2-1/2

[Event "Chess.com Classic Play In"]
[Site "Chess.com INT"]
[Date "2024.05.08"]
[Round "8"]
[White "Vidit, Santosh Gujrathi"]
[Black "Radjabov, Teimour"]
[Result "1-0"]
[WhiteElo "2722"]
[BlackElo "2723"]
[PlyCount "81"]
[EventDate "2024.05.08"]
[EventType "swiss (rapid)"]
[EventRounds "9"]
[EventCountry "USA"]
[SourceTitle "CB20_2024"]
[SourceDate "2024.05.16"]
[SourceVersion "1"]
[SourceVersionDate "2024.05.16"]
[SourceQuality "1"]

1. e4 c5 2. Nf3 Nc6 3. Bb5 g6 4. 0-0 Bg7 5. c3 a6 6. Bxc6 dxc6 7. h3 Qd3 8. Re1 e5 9. a4 Ne7 10. a5 0-0 11. Na3 h6 12. Re3 Qd8 13. Nc4 Be6 14. Ncxe5 Qd6 15. d4 Rad8 16. Rd3 g5 17. dxc5 Qc7 18. Be3 f5 19. exf5 Nxf5 20. Rxd8 Rxd8 21. Bd4 Bd5 22. Qd3 Nxd4 23. cxd4 Rf8 24. b4 Qc8 25. Re1 Qf5 26. Qxf5 Rxf5 27. Re3 Kh7 28. Ne1 h5 29. N1d3 h4 30. f3 Rf8 31. Kf2 Rd8 32. Re1 Bf6 33. Ke3 Be6 34. Nf2 Kg7 35. Ne4 Be7 36. Kd3 Bf5 37. Kc3 Kf8 38. Nc4 Rd7 39. Ned6 Bh7 40. Re5 Rc7 41. Ne4 1-0

[Event "Titled Tuesday intern op 09th Jan Early"]
[Site "Chess.com INT"]
[Date "2024.01.09"]
[Round "9"]
[White "Radjabov, Teimour"]
[Black "Kukhmazov, Arsen"]
[Result "1-0"]
[WhiteElo "2723"]
[BlackElo "2498"]
[PlyCount "83"]
[EventDate "2024.01.09"]
[EventType "swiss (blitz)"]
[EventRounds "11"]
[EventCountry "USA"]
[SourceTitle "CB03_2024"]
[SourceDate "2024.01.17"]
[SourceVersion "1"]
[SourceVersionDate "2024.01.17"]
[SourceQuality "1"]

1. Nf3 d5 2. d3 Nf6 3. g3 g6 4. Bg2 Bg7 5. 0-0 0-0 6. c4 c6 7. Qc2 Re8 8. Nc3 d4 9. Na4 e5 10. Nd2 Bf5 11. Nc5 Qc8 12. Nde4 Nxe4 13. Nxe4 Qc7 14. b4 a5 15. bxa5 Rxa5 16. Bd2 Ra7 17. a4 Nd7 18. a5 h6 19. Rfb1 Rea8 20. h3 Be6 21. g4 Kh7 22. Kh1 f5 23. gxf5 gxf5 24. Ng3 Nf6 25. Rg1 f4 26. Ne4 Bf5 27. Kh2 Rg8 28. Rab1 Qd7 29. Qb3 Nxe4 30. Bxe4 Bxe4 31. dxe4 Rga8 32. Rg2 Bf6 33. Rbg1 Rf8 34. Qf3 Raa8 35. Qh5 Rg8 36. Rg6 Bg7 37. Bb4 Rae8 38. Rd6 Qc7 39. Rgg6 Kh8 40. Rxh6+ Bxh6 41. Rxh6+ Kg7 42. Qg6# 1-0

[Event "Wch Blitz"]
[Site "Samarkand"]
[Date "2023.12.30"]
[Round "16"]
[White "Mamedyarov, Shakhriyar"]
[Black "Radjabov, Teimour"]
[Result "1/2-1/2"]
[WhiteElo "2723"]
[BlackElo "2723"]
[PlyCount "59"]
[EventDate "2023.12.29"]
[EventType "swiss (blitz)"]
[EventRounds "21"]
[EventCountry "UZB"]
[SourceTitle "CB01_2024"]
[SourceDate "2024.01.03"]
[SourceVersion "1"]
[SourceVersionDate "2024.01.03"]
[SourceQuality "1"]

1. d4 Nf6 2. c4 e6 3. Nf3 d5 4. Nc3 Be7 5. Bf4 0-0 6. e3 Nbd7 7. a3 c5 8. cxd5 Nxd5 9. Nxd5 exd5 10. dxc5 Nxc5 11. Be2 Bf5 12. 0-0 Bf6 13. Be5 Bxe5 14. Nxe5 Qd6 15. Nd3 Bxd3 16. Bxd3 Rfd8 17. Be2 Ne6 18. Bg4 Rac8 19. Rc1 Rxc1 20. Qxc1 g6 21. h3 h5 22. Bxe6 Qxe6 23. Rd1 Rc8 24. Qd2 b6 25. Qxd5 Qxd5 26. Rxd5 Rc1+ 27. Kh2 Rc2 28. Rd7 Rxb2 29. Rxa7 Rxf2 30. Kg3 1/2-1/2

[Event "Wch Blitz"]
[Site "Samarkand"]
[Date "2023.12.30"]
[Round "19"]
[White "Radjabov, Teimour"]
[Black "Tabatabaei, Mohammad Amin"]
[Result "1-0"]
[WhiteElo "2723"]
[BlackElo "2692"]
[PlyCount "93"]
[EventDate "2023.12.29"]
[EventType "swiss (blitz)"]
[EventRounds "21"]
[EventCountry "UZB"]
[SourceTitle "CB01_2024"]
[SourceDate "2024.01.03"]
[SourceVersion "1"]
[SourceVersionDate "2024.01.03"]
[SourceQuality "1"]

1. e4 e5 2. Nf3 Nc6 3. Bc4 Nf6 4. d3 Bc5 5. Nc3 h6 6. a3 a6 7. Be3 d6 8. h3 Be6 9. Nd5 Bxe3 10. fxe3 Bxd5 11. exd5 Ne7 12. e4 Ng6 13. 0-0 0-0 14. Qd2 Qe7 15. Rf2 Nh7 16. Re1 Ng5 17. Nxg5 Qxg5 18. Qxg5 hxg5 19. g3 f6 20. Kg2 Kf7 21. c3 Rh8 22. a4 a5 23. Rb1 Rh6 24. d4 Re8 25. Bb5 Rd8 26. Rc2 Ke7 27. b4 Ra8 28. Be2 b6 29. Bg4 Rhh8 30. Kf3 Nf8 31. Ke3 Nd7 32. Kd3 Ra7 33. Rbc1 Rh7 34. Bf5 Rh8 35. Kc4 Rha8 36. Kb3 Kd8 37. b5 Ke7 38. h4 Rh8 39. hxg5 fxg5 40. Bxd7 Kxd7 41. Rf1 Rh3 42. Rf7+ Kc8 43. dxe5 dxe5 44. d6 Rh8 45. Rxg7 Rd8 46. Rd2 Rb7 47. d7+ 1-0

[Event "Wch Blitz"]
[Site "Samarkand"]
[Date "2023.12.29"]
[Round "8"]
[White "Khismatullin, Denis Rimovich"]
[Black "Radjabov, Teimour"]
[Result "0-1"]
[WhiteElo "2579"]
[BlackElo "2723"]
[PlyCount "70"]
[EventDate "2023.12.29"]
[EventType "swiss (blitz)"]
[EventRounds "21"]
[EventCountry "UZB"]
[SourceTitle "CB01_2024"]
[SourceDate "2024.01.03"]
[SourceVersion "1"]
[SourceVersionDate "2024.01.03"]
[SourceQuality "1"]

1. d4 e6 2. c4 d5 3. Nf3 Nf6 4. Nc3 dxc4 5. e4 b5 6. e5 Nd5 7. Nxb5 Nb6 8. a3 Nc6 9. Be3 Rb8 10. Qc2 Qd7 11. Nc3 Be7 12. Rd1 Ba6 13. h4 h6 14. Rh3 Nd5 15. Bc1 Na5 16. Rg3 g6 17. Be2 Qc6 18. Kf1 Nxc3 19. Qxc3 Qa4 20. Kg1 Bb7 21. h5 g5 22. Nh2 Bd5 23. Ng4 Rb3 24. Qc2 Rxa3 25. Qxa4+ Rxa4 26. f4 Nb3 27. fxg5 Nxc1 28. Rxc1 Bxg5 29. Nf6+ Ke7 30. Rf1 c6 31. Bf3 Rb4 32. Bxd5 cxd5 33. Ra1 Ra8 34. Ra2 a5 35. Nh7 Bc1 0-1

[Event "Wch Blitz"]
[Site "Samarkand"]
[Date "2023.12.29"]
[Round "7"]
[White "Radjabov, Teimour"]
[Black "Aravindh, Chithambaram VR"]
[Result "0-1"]
[WhiteElo "2723"]
[BlackElo "2646"]
[PlyCount "72"]
[EventDate "2023.12.29"]
[EventType "swiss (blitz)"]
[EventRounds "21"]
[EventCountry "UZB"]
[SourceTitle "CB01_2024"]
[SourceDate "2024.01.03"]
[SourceVersion "1"]
[SourceVersionDate "2024.01.03"]
[SourceQuality "1"]

1. d4 e6 2. c4 Bb4+ 3. Bd2 Bxd2+ 4. Qxd2 Nf6 5. Nc3 d5 6. e3 0-0 7. Nf3 Qe7 8. Rc1 b6 9. cxd5 exd5 10. Be2 Bb7 11. 0-0 Nbd7 12. Rfd1 Rfd8 13. Qc2 c5 14. Qf5 Nf8 15. Bd3 Ne6 16. Qe5 g6 17. h3 Kg7 18. Bb1 Qd6 19. Qxd6 Rxd6 20. dxc5 bxc5 21. e4 Rdd8 22. exd5 Nxd5 23. Nxd5 Bxd5 24. Ne1 Rab8 25. b3 a5 26. Nd3 Nd4 27. Kh2 a4 28. bxa4 c4 29. Nf4 Ba8 30. a5 c3 31. Bd3 Rb2 32. Rxc3 Rxf2 33. Kg3 Rxa2 34. a6 g5 35. Ne2 Nxe2+ 36. Bxe2 Rxe2 0-1

[Event "Wch Blitz"]
[Site "Samarkand"]
[Date "2023.12.29"]
[Round "9"]
[White "Radjabov, Teimour"]
[Black "Kovalev, Vladislav"]
[Result "0-1"]
[WhiteElo "2723"]
[BlackElo "2582"]
[PlyCount "170"]
[EventDate "2023.12.29"]
[EventType "swiss (blitz)"]
[EventRounds "21"]
[EventCountry "UZB"]
[SourceTitle "CB01_2024"]
[SourceDate "2024.01.03"]
[SourceVersion "1"]
[SourceVersionDate "2024.01.03"]
[SourceQuality "1"]

1. e4 e5 2. Nf3 Nc6 3. Bc4 Bc5 4. d3 Nf6 5. Nc3 h6 6. a3 a6 7. Be3 Bxe3 8. fxe3 d6 9. Qe2 Be6 10. Bxe6 fxe6 11. 0-0-0 Qe7 12. d4 0-0-0 13. Rhf1 Rhf8 14. d5 Nb8 15. Nd2 Nbd7 16. Nb3 Nh7 17. Na5 Rxf1 18. Rxf1 Rf8 19. Rd1 Nb6 20. Kb1 Nf6 21. h3 Nfd7 22. b4 Qf6 23. Qg4 exd5 24. exd5 g6 25. Rd2 Qf5 26. Qh4 h5 27. Kb2 Qf6 28. Qe4 Qf5 29. g4 Qg5 30. Rg2 h4 31. Qd3 Qf6 32. Ne4 Qf1 33. Qxf1 Rxf1 34. c4 Rf3 35. Ng5 Rf1 36. e4 Nf6 37. Re2 Kd7 38. Kc2 Kc8 39. c5 Nbd7 40. Ne6 Rf3 41. cxd6 cxd6 42. Nc4 Ne8 43. Ng5 Rf1 44. Re3 b5 45. Na5 Nb6 46. Rf3 Rxf3 47. Nxf3 Nf6 48. Nxh4 g5 49. Nf3 Nxe4 50. Kd3 Nf2+ 51. Ke3 Nxh3 52. Ke4 Nf2+ 53. Kf5 e4 54. Nxg5 e3 55. Nf3 Nxd5 56. g5 e2 57. g6 Ne7+ 58. Kf6 Nxg6 59. Kxg6 Nd3 60. Kf5 Kd7 61. Ke4 e1Q+ 62. Nxe1 Nxe1 63. Nb7 Kc7 64. Na5 Nc2 65. Kd3 Nxa3 66. Nb3 Nc4 67. Nd4 Nb6 68. Ke4 Kd7 69. Nc2 Nc8 70. Kd4 Ne7 71. Ke4 Nc6 72. Kd5 Ne7+ 73. Ke4 Kc7 74. Kd4 Nc6+ 75. Ke4 Kd8 76. Kd3 Kd7 77. Kc3 d5 78. Ne1 Kd6 79. Nd3 d4+ 80. Kb3 Kd5 81. Nf4+ Ke4 82. Ne6 d3 83. Kc3 Ke3 84. Nc7 d2 85. Nd5+ Ke4 0-1